Financial accounting (Record no. 67244)

MARC details
000 -LEADER
fixed length control field 00364nam a2200145Ia 4500
008 - FIXED-LENGTH DATA ELEMENTS--GENERAL INFORMATION
fixed length control field 230917s9999||||xx |||||||||||||| ||und||
040 ## - CATALOGING SOURCE
-- 50934
Original cataloging agency VIVEKANANDA LIBRARY
041 ## - Language
-- English
082 ## - DDC NUMBER
Classification number 657.48 M277F
100 ## - MAIN ENTRY--PERSONAL NAME
Personal name Maheshwari, S N
245 #0 - TITLE STATEMENT
Title Financial accounting
260 ## - PUBLICATION, DISTRIBUTION, ETC. (IMPRINT)
Place of publication, distribution, etc New Delhi
Name of publisher, distributor, etc Vikas Publishing House
Date of publication, distribution, etc 1993
300 ## - PHYSICAL DESCRIPTION
Pages xvii, 3.176 p.
942 ## - ADDED ENTRY ELEMENTS (KOHA)
Koha item type Books
Holdings
Withdrawn status Lost status Damaged status Not for loan Location (home branch) Sublocation or collection (holding branch) Shelving location Date acquired Koha issues (times borrowed) Koha full call number Accession No. Koha date last seen Koha item type
        VIVEKANANDA LIBRARY VIVEKANANDA LIBRARY IMSAR Library 11/02/2003   657.48 M277F 139992 17/09/2023 Books
        VIVEKANANDA LIBRARY VIVEKANANDA LIBRARY   11/02/2003   657.48 M277F 177366 17/09/2023 Books
© Designed and Maintained by Vivekananda Library, MDU Rohtak